[Event "Memorial Gashimov 2023 - Blitz"]
[Site "Gabala"]
[Date "11.12.2023"]
[Round "B10"]
[White "Van Foreest, Jorden"]
[Black "Abasov, Nijat"]
[Result "1-0"]
[WhiteElo "2707"]
[BlackElo "2679"]
[PlyCount "97"]
[EventDate "2023.??.??"]
[WhiteTeam "Olanda"]
[BlackTeam "Azerbaijan"]
[WhiteTeamCountry "NED"]
[BlackTeamCountry "AZE"]

1. e4 e5 2. Nf3 Nc6 3. Bc4 Nf6 4. d3 h6 5. O-O Bc5 6. c3 d6 7. Re1 O-O 8. Nbd2
a6 9. Nf1 Ba7 10. Bb3 Ne7 11. Ng3 c5 12. a4 Ng6 13. h3 Re8 14. Bd2 Bb8 15. Bc4
Bc7 16. b4 cxb4 17. cxb4 d5 18. exd5 Nxd5 19. d4 Nb6 20. Bb3 Be6 21. Rc1 Rc8
22. a5 Bxb3 23. Qxb3 Nd7 24. Qd5 b6 25. b5 axb5 26. a6 Ra8 27. Qxb5 Bb8 28. Bb4
Ra7 29. dxe5 Ngxe5 30. Nxe5 Rxe5 31. Rxe5 Nxe5 32. Nf5 Kh7 33. Bc3 Qd3 34. Qxd3
Nxd3 35. Rd1 Nc5 36. Bxg7 Rxa6 37. Bxh6 Be5 38. Be3 Ne4 39. g4 Nc3 40. Rd7 Kg6
41. Rb7 b5 42. h4 Ra4 43. h5+ Kh7 44. Rxf7+ Kg8 45. Nh6+ Kh8 46. g5 Nd5 47.
Rf8+ Kh7 48. g6+ Kg7 49. Rf7+ 1-0

[Event "Memorial Gashimov 2023 - Blitz"]
[Site "Gabala"]
[Date "11.12.2023"]
[Round "B10"]
[White "Radjabov, Teimour"]
[Black "Vidit, Gujrathi"]
[Result "1/2-1/2"]
[WhiteElo "2745"]
[BlackElo "2716"]
[PlyCount "162"]
[EventDate "2023.??.??"]
[WhiteTeam "Azerbaijan"]
[BlackTeam "India"]
[WhiteTeamCountry "AZE"]
[BlackTeamCountry "IND"]

1. e4 e5 2. d3 Nf6 3. Nf3 Nc6 4. c3 d5 5. Nbd2 a5 6. Be2 Bc5 7. O-O O-O 8. b3
Re8 9. Qc2 h6 10. Bb2 Be6 11. a3 Bd6 12. b4 Ne7 13. c4 dxe4 14. dxe4 Nc6 15. c5
Bf8 16. Nxe5 Nxe5 17. Bxe5 Ng4 18. Bc3 axb4 19. axb4 Rxa1 20. Bxa1 b6 21. h3
Nf6 22. Bb5 Nd7 23. Nf3 bxc5 24. bxc5 c6 25. Bxc6 Qc7 26. Nd4 Rc8 27. Nxe6 Qxc6
28. Nxf8 Nxf8 29. Bd4 Ne6 30. Be3 Ra8 31. Rb1 Rc8 32. Qc4 Ra8 33. Qd5 Qa4 34.
c6 Rd8 35. Qb5 Qxe4 36. Rc1 Rc8 37. Qa6 Rc7 38. Rc4 Qd5 39. Qa4 f5 40. Qc2 Qb5
41. g3 Nd8 42. Rc5 Qa6 43. Qb3+ Kh7 44. Qd5 Qc8 45. Bd4 Rxc6 46. Rxc6 Nxc6 47.
Bb2 Qe8 48. Qxf5+ Qg6 49. Qb5 Ne7 50. Qe2 Nf5 51. Be5 Qe6 52. Qe4 Qg6 53. Kh2
h5 54. Qf3 Nh6 55. Bf4 Qf5 56. Qe2 Nf7 57. Kg2 Kg8 58. Be3 Qe4+ 59. f3 Qe6 60.
g4 hxg4 61. hxg4 Nh8 62. Kf2 Ng6 63. Qd3 Ne7 64. Bd4 Kf7 65. Qd2 Qd5 66. Qf4+
Kg8 67. Qe3 Ng6 68. Bc3 Qa2+ 69. Kg3 Qf7 70. f4 Ne7 71. f5 Nd5 72. Qe5 Nxc3 73.
Qxc3 g6 74. Kf4 gxf5 75. gxf5 Qd7 76. Qg3+ Kf8 77. Qg6 Qd4+ 78. Kg5 Qe3+ 79.
Kg4 Qe4+ 80. Kh5 Qf3+ 81. Kg5 Qe3+ 1/2-1/2

[Event "Memorial Gashimov 2023 - Blitz"]
[Site "Gabala"]
[Date "11.12.2023"]
[Round "B10"]
[White "Mamedov, Rauf"]
[Black "Suleymanli, Aydin"]
[Result "1-0"]
[WhiteElo "2640"]
[BlackElo "2588"]
[PlyCount "77"]
[EventDate "2023.??.??"]
[WhiteTeam "Azerbaijan"]
[BlackTeam "Azerbaijan"]
[WhiteTeamCountry "AZE"]
[BlackTeamCountry "AZE"]

1. e4 e5 2. Nf3 Nc6 3. Bc4 Nf6 4. d3 Bc5 5. c3 d6 6. Nbd2 a5 7. Nf1 Be6 8. Bb5
h6 9. Ng3 O-O 10. O-O Ba7 11. h3 Ne7 12. d4 c6 13. Bd3 Ng6 14. Re1 a4 15. Be3
b5 16. Qd2 Kh7 17. Bc2 Qc7 18. Nf5 Ng8 19. Nh2 f6 20. Nf1 Nh8 21. N1g3 Nf7 22.
d5 Bxe3 23. Nxe3 Bd7 24. dxc6 Bxc6 25. Nd5 Qb7 26. Nf5 Bxd5 27. Qxd5 Qxd5 28.
exd5 g6 29. Nh4 Ne7 30. Rad1 a3 31. bxa3 Rxa3 32. Bb3 Rc8 33. Nf3 Rxc3 34. Nd4
Ra5 35. Nc6 Nxc6 36. dxc6 d5 37. Rxd5 Ng5 38. Rd7+ Kh8 39. c7 1-0

[Event "Memorial Gashimov 2023 - Blitz"]
[Site "Gabala"]
[Date "11.12.2023"]
[Round "B11"]
[White "Suleymanli, Aydin"]
[Black "Radjabov, Teimour"]
[Result "0-1"]
[WhiteElo "2588"]
[BlackElo "2745"]
[PlyCount "92"]
[EventDate "2023.??.??"]
[WhiteTeam "Azerbaijan"]
[BlackTeam "Azerbaijan"]
[WhiteTeamCountry "AZE"]
[BlackTeamCountry "AZE"]

1. e4 c5 2. Nf3 Nc6 3. Bb5 g6 4. O-O Bg7 5. d3 b6 6. Bxc6 dxc6 7. h3 Nf6 8. a4
O-O 9. e5 Nd5 10. Re1 Bf5 11. Nbd2 Qd7 12. Nf1 Rad8 13. b3 f6 14. Qe2 g5 15.
Ng3 Bg6 16. h4 h6 17. exf6 exf6 18. Qe6+ Qxe6 19. Rxe6 Nb4 20. hxg5 hxg5 21.
Re2 Rfe8 22. Ne1 f5 23. Rb1 f4 24. Rxe8+ Rxe8 25. Ne4 Bxe4 26. dxe4 Rxe4 27.
Bd2 Nd5 28. Kf1 c4 29. Nf3 g4 30. Nh2 c3 31. Be1 g3 32. Nf3 gxf2 33. Bxf2 Nb4
34. Rc1 Bf6 35. Ne1 Kf7 36. Rd1 Ke6 37. Rc1 c5 38. Nf3 Kf5 39. Ng1 Bd4 40. Ne2
Kg4 41. Ng1 Be3 42. Bxe3 fxe3 43. Ke2 Nd5 44. Nf3 Nf4+ 45. Kf1 Kg3 46. Ng5 e2+
0-1

[Event "Memorial Gashimov 2023 - Blitz"]
[Site "Gabala"]
[Date "11.12.2023"]
[Round "B11"]
[White "Vidit, Gujrathi"]
[Black "Van Foreest, Jorden"]
[Result "1-0"]
[WhiteElo "2716"]
[BlackElo "2707"]
[PlyCount "123"]
[EventDate "2023.??.??"]
[WhiteTeam "India"]
[BlackTeam "Olanda"]
[WhiteTeamCountry "IND"]
[BlackTeamCountry "NED"]

1. d4 Nf6 2. c4 g6 3. Nc3 Bg7 4. e4 d6 5. Nf3 Bg4 6. Be2 Bxf3 7. Bxf3 e5 8. d5
Nbd7 9. O-O h5 10. Rb1 a5 11. a3 Bh6 12. Bxh6 Rxh6 13. Qd2 Rh8 14. b4 Kf8 15.
h4 Kg7 16. g3 Qe7 17. Nb5 Rhc8 18. Rfe1 Ne8 19. Bg2 c6 20. dxc6 bxc6 21. Nc3
axb4 22. axb4 Nef6 23. Bh3 Rd8 24. Qe3 c5 25. Bxd7 Rxd7 26. bxc5 dxc5 27. Nd5
Nxd5 28. exd5 Ra4 29. Qc3 Qf6 30. Rb5 Rc7 31. Qb3 Rca7 32. Rb6 Qf5 33. Qc3 f6
34. Rb2 Ra3 35. Qc1 Rd3 36. Qb1 Kh6 37. Rb8 Rd4 38. Rh8+ Rh7 39. Rxh7+ Kxh7 40.
Qb7+ Kh6 41. Qe7 g5 42. Qf8+ Kg6 43. Qg8+ Kh6 44. Qf8+ Kg6 45. Qe8+ Kh6 46.
hxg5+ Kxg5 47. Qg8+ Qg6 48. Qe6 Qf5 49. Qg8+ Qg6 50. Qc8 h4 51. Re3 Rd2 52. Kg2
Rd1 53. Qh8 h3+ 54. Qxh3 Qb1 55. Qh4+ Kg6 56. Qg4+ Kh6 57. Qh4+ Kg6 58. Qh2 Qc1
59. Re4 Kf5 60. Qh7+ Kg5 61. Qg7+ Kh5 62. Rh4# 1-0

[Event "Memorial Gashimov 2023 - Blitz"]
[Site "Gabala"]
[Date "11.12.2023"]
[Round "B11"]
[White "Abasov, Nijat"]
[Black "Rapport, Richard"]
[Result "0-1"]
[WhiteElo "2679"]
[BlackElo "2752"]
[PlyCount "44"]
[EventDate "2023.??.??"]
[WhiteTeam "Azerbaijan"]
[BlackTeam "ROU"]
[WhiteTeamCountry "AZE"]

1. e4 c6 2. Nf3 d5 3. d3 Qc7 4. Nc3 dxe4 5. Nxe4 Nd7 6. g3 Ngf6 7. Bf4 Qb6 8.
Qc1 Nxe4 9. dxe4 e5 10. Be3 Bc5 11. Bxc5 Nxc5 12. Nxe5 Qb4+ 13. c3 Qxe4+ 14.
Qe3 Qxh1 15. Nf3+ Be6 16. O-O-O Rd8 17. Re1 O-O 18. Be2 Qg2 19. Qxc5 Bd5 20.
Ng5 h6 21. Bf1 Qxh2 22. Nh3 Bg2 0-1

[Event "Memorial Gashimov 2023 - Blitz"]
[Site "Gabala"]
[Date "11.12.2023"]
[Round "B11"]
[White "Mamedyarov, Shakhriyar"]
[Black "Gelfand, Boris"]
[Result "1-0"]
[WhiteElo "2734"]
[BlackElo "2655"]
[PlyCount "113"]
[EventDate "2023.??.??"]
[WhiteTeam "Azerbaijan"]
[BlackTeam "Israele"]
[WhiteTeamCountry "AZE"]
[BlackTeamCountry "ISR"]

1. d4 Nf6 2. Bg5 d5 3. e3 c5 4. Bxf6 gxf6 5. Bb5+ Bd7 6. Bxd7+ Qxd7 7. Qh5 Nc6
8. dxc5 e6 9. Ne2 Bxc5 10. O-O Ne5 11. Nd2 O-O-O 12. Rfd1 Kb8 13. Nf3 Qc7 14.
Ned4 Bxd4 15. Nxd4 f5 16. Rac1 Qe7 17. Nf3 Nxf3+ 18. Qxf3 Rc8 19. h3 h5 20. Rd4
Rc7 21. c3 Qg5 22. Rcd1 Rhc8 23. Qf4 Qxf4 24. Rxf4 Rc4 25. Rdd4 Rxd4 26. exd4
Kc7 27. Rh4 Kd6 28. Rxh5 b5 29. Rg5 Ke7 30. Rg3 a5 31. Kf1 b4 32. Ke2 Kf6 33.
Kd2 Rb8 34. Kc2 a4 35. cxb4 Rxb4 36. Rd3 f4 37. b3 axb3+ 38. axb3 Kf5 39. Kc3
Rb8 40. b4 f6 41. f3 Rb5 42. Kb3 e5 43. Ka4 e4 44. Rd2 e3 45. Rc2 Rb8 46. b5
Re8 47. Re2 Rc8 48. b6 Rc4+ 49. Kb5 Rxd4 50. b7 Rd2 51. b8=Q Rxe2 52. Qc8+ Kg6
53. Qg4+ Kf7 54. Qxf4 Rb2+ 55. Kc5 e2 56. Qe3 f5 57. Kxd5 1-0

[Event "Memorial Gashimov 2023 - Blitz"]
[Site "Gabala"]
[Date "11.12.2023"]
[Round "B12"]
[White "Gelfand, Boris"]
[Black "Abasov, Nijat"]
[Result "0-1"]
[WhiteElo "2655"]
[BlackElo "2679"]
[PlyCount "160"]
[EventDate "2023.??.??"]
[WhiteTeam "Israele"]
[BlackTeam "Azerbaijan"]
[WhiteTeamCountry "ISR"]
[BlackTeamCountry "AZE"]

1. Nf3 c5 2. c4 Nc6 3. d4 cxd4 4. Nxd4 Nf6 5. Nc3 e6 6. a3 Bc5 7. Nb3 Bb6 8. c5
Bc7 9. g3 O-O 10. Bg2 b6 11. O-O Be5 12. Be3 Rb8 13. Rc1 Ba6 14. cxb6 axb6 15.
Nd4 Na5 16. Rc2 Bc4 17. b4 Nb3 18. Ndb5 d5 19. Nd4 Rc8 20. Ncb5 Nxd4 21. Nxd4
Ng4 22. Bc1 Qd7 23. Qd2 Bf6 24. Bb2 b5 25. f4 Qa7 26. h3 Nh6 27. Kh2 Kh8 28. g4
Ng8 29. g5 Be7 30. Nf3 Bd6 31. Ne5 f6 32. gxf6 gxf6 33. Nxc4 bxc4 34. e4 Ne7
35. exd5 e5 36. fxe5 fxe5 37. Rxf8+ Rxf8 38. Qh6 Ng6 39. Re2 Kg8 40. Qe3 Qxe3
41. Rxe3 Rf2 42. Bc3 Nf4 43. Rg3+ Kf7 44. Kh1 Ra2 45. Be4 Rxa3 46. Rf3 h5 47.
b5 Rb3 48. Bd2 Rxb5 49. Rc3 Rb4 50. Rc2 Ra4 51. Kg1 Nxh3+ 52. Kf1 Nf4 53. Bc3
Ra3 54. Ke1 Rxc3 55. Rxc3 Bb4 56. Kd2 Ke7 57. Kc2 Bxc3 58. Kxc3 Kd6 59. Kxc4 h4
60. Kc3 Nxd5+ 61. Kd3 Nf6 62. Bg2 Ke6 63. Ke3 Kf5 64. Bh3+ Kg5 65. Kf3 Nh5 66.
Ke4 Kf6 67. Kf3 Nf4 68. Bc8 Kg5 69. Ke4 Ng6 70. Bd7 Kf6 71. Kf3 Nf4 72. Kg4 h3
73. Kg3 Ke7 74. Bc6 Kd6 75. Bf3 Kc5 76. Bb7 Kd4 77. Kf3 Ne6 78. Kg3 Ng5 79. Bh1
e4 80. Kf2 Ke5 0-1

[Event "Memorial Gashimov 2023 - Blitz"]
[Site "Gabala"]
[Date "11.12.2023"]
[Round "B12"]
[White "Rapport, Richard"]
[Black "Vidit, Gujrathi"]
[Result "1/2-1/2"]
[WhiteElo "2752"]
[BlackElo "2716"]
[PlyCount "165"]
[EventDate "2023.??.??"]
[WhiteTeam "ROU"]
[BlackTeam "India"]
[BlackTeamCountry "IND"]

1. e4 e5 2. Nc3 Nf6 3. Bc4 Nc6 4. d3 Bb4 5. Nf3 d5 6. exd5 Nxd5 7. O-O Bxc3 8.
bxc3 O-O 9. Qe1 Re8 10. Ng5 Bf5 11. Rb1 Rb8 12. Rb5 Nce7 13. Qxe5 c6 14. Bxd5
cxd5 15. Bf4 Qd7 16. Rc5 f6 17. Qd6 Qa4 18. Rxd5 fxg5 19. Rxf5 gxf4 20. Rxf4
Qxa2 21. c4 Ng6 22. Re4 Qxc2 23. Rfe1 Rf8 24. R4e2 Qc3 25. g3 Qf6 26. Qa3 a6
27. h4 Qf5 28. c5 h5 29. d4 Rbd8 30. Qb3+ Qd5 31. Qd3 Rf6 32. Re4 Rdf8 33. R1e2
a5 34. Qc2 Kh8 35. f4 Ra6 36. Qa4 Qf5 37. Kh2 Qg4 38. d5 Nxh4 39. gxh4 Qxh4+
40. Kg1 Rg6+ 41. Rg2 Rxg2+ 42. Kxg2 Qg4+ 43. Kh2 h4 44. Re8 Qg3+ 45. Kh1 Qf3+
46. Kh2 Qf2+ 47. Kh1 Qf1+ 48. Kh2 Qf2+ 49. Kh1 Qf3+ 50. Kh2 Rxe8 51. Qxe8+ Kh7
52. Qe1 Qxf4+ 53. Kh3 Qf3+ 54. Kh2 Qxd5 55. Qxh4+ Kg6 56. Qg3+ Kf6 57. Qf4+ Ke6
58. Qg4+ Kf7 59. Qf4+ Kg8 60. Qb8+ Kh7 61. Qd6 Qh5+ 62. Kg3 a4 63. Kf2 Qf5+ 64.
Ke1 Qe4+ 65. Kd2 a3 66. Qh2+ Kg8 67. Qb8+ Kf7 68. Qc7+ Kf6 69. Qd6+ Kf5 70.
Qd7+ Kf4 71. Qf7+ Qf5 72. Qxg7 Qd5+ 73. Kc1 Qxc5+ 74. Kb1 Qb5+ 75. Ka2 Qd5+ 76.
Kxa3 b5 77. Qc7+ Ke4 78. Kb4 Kd4 79. Qc3+ Ke4 80. Qe1+ Kf5 81. Qf1+ Ke5 82.
Qxb5 Qxb5+ 83. Kxb5 1/2-1/2

[Event "Memorial Gashimov 2023 - Blitz"]
[Site "Gabala"]
[Date "11.12.2023"]
[Round "B12"]
[White "Van Foreest, Jorden"]
[Black "Suleymanli, Aydin"]
[Result "0-1"]
[WhiteElo "2707"]
[BlackElo "2588"]
[PlyCount "50"]
[EventDate "2023.??.??"]
[WhiteTeam "Olanda"]
[BlackTeam "Azerbaijan"]
[WhiteTeamCountry "NED"]
[BlackTeamCountry "AZE"]

1. e4 e5 2. Nf3 Nc6 3. Bc4 Nf6 4. d3 Bc5 5. O-O O-O 6. Re1 a5 7. Nbd2 d6 8. Nf1
Be6 9. Bxe6 fxe6 10. Be3 Bxe3 11. Rxe3 Ng4 12. Re1 Qf6 13. h3 Nh6 14. c3 g5 15.
N1h2 Qg6 16. d4 Nf7 17. Re3 h5 18. Qe2 Nh6 19. dxe5 g4 20. hxg4 hxg4 21. Nh4
Qg5 22. Nxg4 Nxg4 23. Rg3 Ncxe5 24. Nf3 Qh5 25. Qd1 Rxf3 0-1

[Event "Memorial Gashimov 2023 - Blitz"]
[Site "Gabala"]
[Date "11.12.2023"]
[Round "B12"]
[White "Radjabov, Teimour"]
[Black "Mamedov, Rauf"]
[Result "1/2-1/2"]
[WhiteElo "2745"]
[BlackElo "2640"]
[PlyCount "31"]
[EventDate "2023.??.??"]
[WhiteTeam "Azerbaijan"]
[BlackTeam "Azerbaijan"]
[WhiteTeamCountry "AZE"]
[BlackTeamCountry "AZE"]

1. e4 c5 2. Nf3 Nc6 3. d4 cxd4 4. Nxd4 Nf6 5. Nc3 e5 6. Ndb5 d6 7. Bg5 a6 8.
Na3 b5 9. Nd5 Be7 10. Bxf6 Bxf6 11. c3 Rb8 12. Nc2 Bg5 13. Be2 O-O 14. O-O a5
15. a3 Ne7 16. Nce3 1/2-1/2

[Event "Memorial Gashimov 2023 - Blitz"]
[Site "Gabala"]
[Date "11.12.2023"]
[Round "B13"]
[White "Mamedov, Rauf"]
[Black "Van Foreest, Jorden"]
[Result "1-0"]
[WhiteElo "2640"]
[BlackElo "2707"]
[PlyCount "55"]
[EventDate "2023.??.??"]
[WhiteTeam "Azerbaijan"]
[BlackTeam "Olanda"]
[WhiteTeamCountry "AZE"]
[BlackTeamCountry "NED"]

1. e4 c6 2. Nf3 d5 3. e5 Bg4 4. Be2 Bxf3 5. Bxf3 e6 6. O-O Ne7 7. Re1 Nf5 8.
Bg4 g6 9. d3 c5 10. Nd2 Bh6 11. c4 Bxd2 12. Bxd2 Nd4 13. Bf3 Nbc6 14. cxd5
Nxf3+ 15. Qxf3 Nd4 16. Qf4 exd5 17. Qh6 Ne6 18. Rac1 a5 19. h4 Qd7 20. Bg5 Nxg5
21. Qxg5 b6 22. e6 Qd6 23. Qf6 Rf8 24. Re3 d4 25. Re4 Qd5 26. exf7+ Kd7 27.
Re7+ Kc8 28. Qxb6 1-0

[Event "Memorial Gashimov 2023 - Blitz"]
[Site "Gabala"]
[Date "11.12.2023"]
[Round "B13"]
[White "Suleymanli, Aydin"]
[Black "Rapport, Richard"]
[Result "1/2-1/2"]
[WhiteElo "2588"]
[BlackElo "2752"]
[PlyCount "118"]
[EventDate "2023.??.??"]
[WhiteTeam "Azerbaijan"]
[BlackTeam "ROU"]
[WhiteTeamCountry "AZE"]

1. e4 c6 2. d4 d5 3. exd5 cxd5 4. Bd3 Nf6 5. c3 Bg4 6. Qb3 Qc7 7. h3 Bh5 8. Ne2
e6 9. Bf4 Qc8 10. Na3 a6 11. Nc2 Nc6 12. Ne3 Be7 13. O-O Qd7 14. a4 Bg6 15.
Bxg6 hxg6 16. Rfd1 Ne4 17. f3 Nd6 18. a5 Rc8 19. Bxd6 Bxd6 20. c4 O-O 21. cxd5
exd5 22. Nxd5 Rce8 23. Nec3 Bb8 24. Qa3 Ba7 25. Nb6 Qd8 26. Ne4 Nxa5 27. Qxa5
Bxb6 28. Qb4 Re6 29. Kh1 Bc7 30. d5 Rb6 31. Qc3 f5 32. d6 Bb8 33. Nc5 Rxd6 34.
Qb3+ Kh7 35. Ne6 Qf6 36. Nxf8+ Qxf8 37. Qxb7 Qd8 38. Rf1 Rb6 39. Qf7 Qd6 40. f4
Rxb2 41. Rad1 Rd2 42. Rxd2 Qxd2 43. Qe6 Bxf4 44. Qxa6 Be5 45. Qc4 Bf6 46. Qf4
Qd3 47. Qf3 Qd4 48. Rd1 Qb4 49. g4 f4 50. Kg2 g5 51. Qd3+ Kh6 52. Rd2 Qb7+ 53.
Qf3 Qb4 54. Re2 Qc4 55. Qe4 Qc3 56. Qf3 Qc4 57. Rd2 Qb4 58. Rc2 Qa4 59. Re2 Qc4
1/2-1/2

[Event "Memorial Gashimov 2023 - Blitz"]
[Site "Gabala"]
[Date "11.12.2023"]
[Round "B13"]
[White "Vidit, Gujrathi"]
[Black "Gelfand, Boris"]
[Result "1-0"]
[WhiteElo "2716"]
[BlackElo "2655"]
[PlyCount "112"]
[EventDate "2023.??.??"]
[WhiteTeam "India"]
[BlackTeam "Israele"]
[WhiteTeamCountry "IND"]
[BlackTeamCountry "ISR"]

1. d4 Nf6 2. Nf3 d5 3. Bf4 Bf5 4. e3 e6 5. Nbd2 Bd6 6. Ne5 Nbd7 7. Be2 Ne4 8.
O-O O-O 9. h3 Nxd2 10. Qxd2 Nxe5 11. dxe5 Be7 12. Rfd1 c6 13. Bd3 Bxd3 14. Qxd3
Qb6 15. b3 Rfd8 16. a4 a5 17. Qe2 Qa6 18. Qg4 b5 19. h4 Rab8 20. h5 Bf8 21. Bg5
Rdc8 22. Rd4 bxa4 23. Bf6 h6 24. Rdxa4 Kh7 25. Rxa5 Qb6 26. Bh4 Qb4 27. Qxb4
Rxb4 28. Bg3 c5 29. Ra7 Kg8 30. R1a4 c4 31. Rxb4 Bxb4 32. Rb7 cxb3 33. cxb3
Rc1+ 34. Kh2 Bd2 35. b4 Rb1 36. b5 Rb3 37. Bh4 Bc3 38. Bg3 d4 39. exd4 Bxd4 40.
f3 Rb1 41. Kh3 Rb2 42. Rd7 Be3 43. Rb7 Rb1 44. Kg4 Rb2 45. f4 Bg1 46. Kh3 Rb3
47. Kg4 Rb2 48. Bh4 Rxg2+ 49. Kf3 Rb2 50. Bd8 Rb3+ 51. Ke2 Be3 52. b6 Bxf4 53.
Bc7 Be3 54. Rb8+ Kh7 55. Rb7 g5 56. Bd8 Kg8 1-0

[Event "Memorial Gashimov 2023 - Blitz"]
[Site "Gabala"]
[Date "11.12.2023"]
[Round "B13"]
[White "Abasov, Nijat"]
[Black "Mamedyarov, Shakhriyar"]
[Result "0-1"]
[WhiteElo "2679"]
[BlackElo "2734"]
[PlyCount "60"]
[EventDate "2023.??.??"]
[WhiteTeam "Azerbaijan"]
[BlackTeam "Azerbaijan"]
[WhiteTeamCountry "AZE"]
[BlackTeamCountry "AZE"]

1. e4 e5 2. Nf3 Nc6 3. Bb5 g6 4. c3 a6 5. Ba4 Bg7 6. d4 b5 7. Bb3 exd4 8. cxd4
Nge7 9. d5 Na5 10. Bd2 Nxb3 11. Qxb3 c5 12. dxc6 O-O 13. O-O dxc6 14. Bc3 Bh6
15. Bb4 Re8 16. Nc3 Be6 17. Qc2 Qb6 18. Ne2 Bc4 19. b3 Bxe2 20. Qxe2 c5 21. Bc3
Nd5 22. Bb2 Nf4 23. Qc2 Qe6 24. Be5 Rac8 25. Rad1 c4 26. Rd6 Qg4 27. Bxf4 Qxf4
28. Rxa6 Qxe4 29. Qc3 Bg7 30. Qc1 cxb3 0-1

[Event "Memorial Gashimov 2023 - Blitz"]
[Site "Gabala"]
[Date "11.12.2023"]
[Round "B14"]
[White "Mamedyarov, Shakhriyar"]
[Black "Vidit, Gujrathi"]
[Result "1/2-1/2"]
[WhiteElo "2734"]
[BlackElo "2716"]
[PlyCount "95"]
[EventDate "2023.??.??"]
[WhiteTeam "Azerbaijan"]
[BlackTeam "India"]
[WhiteTeamCountry "AZE"]
[BlackTeamCountry "IND"]

1. Nf3 d5 2. e3 Nf6 3. c4 e6 4. b3 Bd6 5. Nc3 O-O 6. Bb2 Re8 7. Qc2 Nc6 8. a3
Bf8 9. d4 b6 10. Bd3 Bb7 11. O-O-O Na5 12. c5 bxc5 13. dxc5 Nc6 14. b4 a6 15.
Kb1 Qe7 16. e4 dxe4 17. Nxe4 Nxe4 18. Bxe4 h6 19. Ne5 Nxe5 20. Bxb7 Rab8 21.
Bxa6 Nc6 22. Qe4 Na7 23. Rhe1 Nb5 24. a4 Na7 25. Bd3 f5 26. Qc4 Nc6 27. b5 Na5
28. Qc3 Nb7 29. c6 Nc5 30. Bc2 Qh4 31. Rd4 Qxf2 32. Red1 Qxg2 33. Rc4 Ne4 34.
Qe3 Nd6 35. Rh4 Nxb5 36. axb5 Rxb5 37. Rg1 Rxb2+ 38. Kxb2 Rb8+ 39. Kc1 Ba3+ 40.
Kd1 Rd8+ 41. Rd4 Rxd4+ 42. Qxd4 Qf3+ 43. Kd2 Bb4+ 44. Kc1 Qa3+ 45. Kd1 Qf3+ 46.
Kc1 Qa3+ 47. Kd1 Qf3+ 48. Kc1 1/2-1/2

[Event "Memorial Gashimov 2023 - Blitz"]
[Site "Gabala"]
[Date "11.12.2023"]
[Round "B14"]
[White "Gelfand, Boris"]
[Black "Suleymanli, Aydin"]
[Result "1/2-1/2"]
[WhiteElo "2655"]
[BlackElo "2588"]
[PlyCount "115"]
[EventDate "2023.??.??"]
[WhiteTeam "Israele"]
[BlackTeam "Azerbaijan"]
[WhiteTeamCountry "ISR"]
[BlackTeamCountry "AZE"]

1. Nf3 Nf6 2. g3 d5 3. Bg2 e6 4. c4 Be7 5. d4 O-O 6. O-O dxc4 7. Qc2 a6 8. a4
Bd7 9. Qxc4 Bc6 10. Bg5 Nbd7 11. Nc3 a5 12. Rfd1 h6 13. Bxf6 Nxf6 14. e3 Rc8
15. Qe2 Bb4 16. Ne5 Bxg2 17. Kxg2 c6 18. e4 Qc7 19. Rac1 Rfd8 20. Nc4 Be7 21.
e5 Ne8 22. h4 Rd7 23. Rd3 Rcd8 24. Rcd1 Bb4 25. h5 b5 26. Ne3 bxa4 27. Nxa4 c5
28. Nxc5 Bxc5 29. dxc5 Rxd3 30. Rxd3 Rxd3 31. Qxd3 Qxc5 32. Qe4 Nc7 33. b3 Qb5
34. Nc4 Nd5 35. Qd3 Qb7 36. Kg1 Qb4 37. Kg2 Qb7 38. Kg1 Qb4 39. Kg2 Qc5 40. Nd6
Nb4 41. Qf3 Qc6 42. Qxc6 Nxc6 43. Nc4 f6 44. f4 fxe5 45. fxe5 g6 46. g4 gxh5
47. gxh5 Kf7 48. Kf2 Ke7 49. Ke3 Kd7 50. Ke4 Kc7 51. Nd6 Ne7 52. Nf7 Nf5 53.
Kd3 Kc6 54. Kc4 Ne3+ 55. Kd3 Nf5 56. Kc4 Ne3+ 57. Kd3 Nf5 58. Kc4 1/2-1/2

[Event "Memorial Gashimov 2023 - Blitz"]
[Site "Gabala"]
[Date "11.12.2023"]
[Round "B14"]
[White "Rapport, Richard"]
[Black "Mamedov, Rauf"]
[Result "0-1"]
[WhiteElo "2752"]
[BlackElo "2640"]
[PlyCount "144"]
[EventDate "2023.??.??"]
[WhiteTeam "ROU"]
[BlackTeam "Azerbaijan"]
[BlackTeamCountry "AZE"]

1. e4 c5 2. Nf3 d6 3. Bc4 Nf6 4. d3 g6 5. e5 d5 6. Bb3 Nh5 7. h3 Nc6 8. c3 Ng7
9. Be3 d4 10. cxd4 cxd4 11. Bf4 Ne6 12. Bg3 Bg7 13. O-O O-O 14. Nbd2 Nc5 15.
Bc4 Bf5 16. Nb3 Nxb3 17. Qxb3 Na5 18. Qb4 Nxc4 19. dxc4 Be4 20. Nd2 Bc6 21. Nb3
a5 22. Qc5 d3 23. a4 Qd7 24. Qe3 Rfd8 25. Nd2 Qd4 26. Qxd4 Rxd4 27. f4 f6 28.
b3 fxe5 29. fxe5 Bh6 30. Rad1 Rdd8 31. Rfe1 e6 32. Bf2 Bf8 33. Bb6 Rd7 34. Ne4
Bxe4 35. Rxe4 Bb4 36. Re3 d2 37. Rf3 Rf8 38. Re3 Rf5 39. g4 Rf4 40. Kg2 h5 41.
Kg3 Rdf7 42. Rd3 g5 43. Be3 Rf3+ 44. Kg2 h4 45. Rd8+ Kh7 46. Bxd2 Rg3+ 47. Kh1
Rxh3+ 48. Kg2 Rg3+ 49. Kh1 Bxd2 50. R1xd2 Rxg4 51. R8d7 Rgf4 52. R2d4 Rxd4 53.
Rxf7+ Kg6 54. Rf6+ Kh5 55. Rxe6 g4 56. Rd6 Re4 57. Kg2 h3+ 58. Kg3 Re3+ 59. Kh2
Kh4 60. Rh6+ Kg5 61. Rh7 Re2+ 62. Kg1 Rxe5 63. Kf2 Rf5+ 64. Kg1 Kf4 65. Kh2 Kf3
66. Rg7 b6 67. Rg6 Rf8 68. Rg5 Kf4 69. Rg6 Re8 70. Rf6+ Kg5 71. Rxb6 Re2+ 72.
Kg3 Rg2# 0-1

[Event "Memorial Gashimov 2023 - Blitz"]
[Site "Gabala"]
[Date "11.12.2023"]
[Round "B14"]
[White "Van Foreest, Jorden"]
[Black "Radjabov, Teimour"]
[Result "1-0"]
[WhiteElo "2707"]
[BlackElo "2745"]
[PlyCount "47"]
[EventDate "2023.??.??"]
[WhiteTeam "Olanda"]
[BlackTeam "Azerbaijan"]
[WhiteTeamCountry "NED"]
[BlackTeamCountry "AZE"]

1. e4 b6 2. d4 Bb7 3. Nc3 e6 4. Nf3 d6 5. a4 a6 6. Bd3 Nd7 7. Be3 c5 8. d5 e5
9. Nd2 Be7 10. Nc4 Ngf6 11. h4 O-O 12. g4 Ne8 13. g5 Nc7 14. Na3 Bc8 15. Rg1
Rb8 16. Qe2 Kh8 17. h5 f6 18. g6 h6 19. Bxh6 f5 20. Bxg7+ Kxg7 21. h6+ Kxh6 22.
g7 Rg8 23. exf5 Nf6 24. Qe3+ 1-0

[Event "Memorial Gashimov 2023 - Blitz"]
[Site "Gabala"]
[Date "11.12.2023"]
[Round "B15"]
[White "Radjabov, Teimour"]
[Black "Rapport, Richard"]
[Result "1/2-1/2"]
[WhiteElo "2745"]
[BlackElo "2752"]
[PlyCount "79"]
[EventDate "2023.??.??"]
[WhiteTeam "Azerbaijan"]
[BlackTeam "ROU"]
[WhiteTeamCountry "AZE"]

1. c4 c6 2. Nc3 d5 3. d4 Nf6 4. Nf3 a6 5. a4 e6 6. Bg5 Be7 7. e3 a5 8. Be2 O-O
9. O-O Na6 10. Rc1 Nb4 11. b3 b6 12. Ne5 Bb7 13. cxd5 Nfxd5 14. Nxd5 exd5 15.
Bf4 c5 16. Bb5 Rc8 17. Qg4 Ba6 18. Rfd1 Bxb5 19. axb5 Re8 20. Qh5 g6 21. Qf3 f6
22. Nc6 Nxc6 23. bxc6 Rxc6 24. dxc5 Rxc5 25. Rxc5 Bxc5 26. Rxd5 Qa8 27. Qd1 Qc6
28. h4 Bf8 29. h5 g5 30. Bg3 b5 31. Rd7 a4 32. Qd3 Qe4 33. Qxb5 a3 34. Kh2 Ra8
35. f3 Qe8 36. Qd5+ Kh8 37. Qc6 Kg8 38. Qd5+ Kh8 39. Qc6 Kg8 40. Qd5+ 1/2-1/2

[Event "Memorial Gashimov 2023 - Blitz"]
[Site "Gabala"]
[Date "11.12.2023"]
[Round "B15"]
[White "Mamedov, Rauf"]
[Black "Gelfand, Boris"]
[Result "1/2-1/2"]
[WhiteElo "2640"]
[BlackElo "2655"]
[PlyCount "95"]
[EventDate "2023.??.??"]
[WhiteTeam "Azerbaijan"]
[BlackTeam "Israele"]
[WhiteTeamCountry "AZE"]
[BlackTeamCountry "ISR"]

1. e4 e5 2. Nc3 Nf6 3. g3 d5 4. exd5 Nxd5 5. Bg2 Nxc3 6. bxc3 Nc6 7. Nf3 Bc5 8.
O-O O-O 9. Re1 Bg4 10. h3 Bh5 11. g4 Bg6 12. d3 Re8 13. Bg5 f6 14. Be3 Bb6 15.
Rb1 Qd7 16. c4 Bf7 17. Nh4 Rad8 18. Nf5 Ba5 19. Rf1 b6 20. Ng3 Bc3 21. Ne4 Bd4
22. Qf3 Ne7 23. h4 Be6 24. Qg3 Kh8 25. h5 Bxe3 26. fxe3 h6 27. Bh3 f5 28. gxf5
Nxf5 29. Bxf5 Bxf5 30. Nc3 Bg4 31. Qh4 Rf8 32. Nd5 Bf3 33. Ne7 Bxh5 34. e4 Rde8
35. Nf5 Bg6 36. Ng3 Qd4+ 37. Kh1 Qe3 38. Qg4 Kh7 39. Nf5 Bxf5 40. Rxf5 Rxf5 41.
exf5 Rf8 42. Rg1 Rf7 43. f6 g5 44. Qf5+ Kh8 45. Rf1 Qg3 46. Qc8+ Kh7 47. Qf5+
Kh8 48. Qc8+ 1/2-1/2